El ámbito de lo no jurídico.

Guardat en:
Dades bibliogràfiques
Autor principal: Engisch, Karl (autor)
Format: Llibre
Publicat: Córdoba, Argentina: Universidad Nacional de Córdoba, 1960.
Edició:Primera edición.
Col·lecció:Biblioteca de Filosofía del Derecho y Sociología, 4.
Matèries:
Etiquetes: Afegir etiqueta
Sense etiquetes, Sigues el primer a etiquetar aquest registre!

MARC

LEADER 00000nam a22000007a 4500
003 CL-VaPUC
005 20220822114549.0
008 220707t1960 ||||| |||| 00| 0 eng d
999 |c 436772  |d 436770 
040 |c Pontificia Universidad Católica de Valparaíso 
082 7 |a 340.1 ENG 1960  |2 22 
100 0 |a Engisch, Karl  |9 395128  |e autor  
245 1 3 |a El ámbito de lo no jurídico. 
250 |a Primera edición.  
260 |a Córdoba, Argentina:  |b Universidad Nacional de Córdoba,   |c 1960. 
300 |a 135 páginas. 
490 |a Biblioteca de Filosofía del Derecho y Sociología,   |v  4. 
500 |a c.1 Donación Familia Prof. Alejandro Guzmán Brito. 
583 |a last modification  |c 19971121 00:00:00  |k Cristina María Rojas Aguilar 
650 |a Filosofía del derecho  |9 872566 
650 |a Teoría del derecho  |9 872567 
942 |c BK  |2 ddc  |n 0 
952 |0 0  |1 0  |2 ddc  |4 0  |6 340_100000000000000_ENG_1960  |7 0  |8 C_AGB  |9 584486  |a BIBDER  |b BIBDER  |d 2022-07-07  |e Donación   |i 5652574  |o 340.1 ENG 1960  |p 5652574  |r 2023-01-25  |t 1  |w 2022-07-07  |y BK_US  |k AGB